Laboratory atlas of anatomy and physiology.-- 4th ed. (Record no. 64326)

MARC details
000 -LEADER
fixed length control field 01568nam a2200265 a 4500
008 - FIXED-LENGTH DATA ELEMENTS--GENERAL INFORMATION
fixed length control field 111003s2004 ||||||||||||||||| || u
020 ## - INTERNATIONAL STANDARD BOOK NUMBER
International Standard Book Number 007243810X
050 ## - LIBRARY OF CONGRESS CALL NUMBER
Classification number QM 25 Ede
100 ## - MAIN ENTRY--PERSONAL NAME
Personal name Kaminsky, Shari Lewis
245 10 - TITLE STATEMENT
Title Laboratory atlas of anatomy and physiology.-- 4th ed.
Statement of responsibility, etc. Douglas J. Eder, Shari Lewis Kaminsky, John W. Bertram; revision contributions by John R. Waters, Bruce D. Wingerd
250 ## - EDITION STATEMENT
Edition statement 4th ed.
260 ## - PUBLICATION, DISTRIBUTION, ETC.
Place of publication, distribution, etc. Boston
Name of publisher, distributor, etc. McGraw-Hill
Date of publication, distribution, etc. 2004
300 ## - PHYSICAL DESCRIPTION
Extent vi, 182p.: ill.
350 ## -
-- 0.00
650 ## - SUBJECT ADDED ENTRY--TOPICAL TERM
Topical term or geographic name entry element HUMAN ANATOMY--ATLASES
650 #3 - SUBJECT ADDED ENTRY--TOPICAL TERM
Topical term or geographic name entry element ANATOMY
650 ## - SUBJECT ADDED ENTRY--TOPICAL TERM
Topical term or geographic name entry element HUMAN PHYSIOLOGY--ATLASES
700 ## - ADDED ENTRY--PERSONAL NAME
Personal name Eder, Douglas J
700 ## - ADDED ENTRY--PERSONAL NAME
Personal name Bertram, John W
995 ## -
-- MEDICAL LIBRARY OPEN ACCESS
-- 0.00
-- 901369
-- CBU-SCHOOL OF MEDICINE LIBRARY (Ndola)
-- 1
-- 0.00
-- REF.QM 25 EDE
-- 3
-- AVAILABLE
-- Oct 3, 2011
-- 901369
-- Reference Collection
995 ## -
-- MEDICAL LIBRARY OPEN ACCESS
-- 0.00
-- 901367
-- CBU-SCHOOL OF MEDICINE LIBRARY (Ndola)
-- 1
-- 0.00
-- REF.QM 25 EDE
-- 1
-- AVAILABLE
-- Oct 3, 2011
-- 901367
-- Reference Collection
995 ## -
-- MEDICAL LIBRARY OPEN ACCESS
-- 0.00
-- 901368
-- CBU-SCHOOL OF MEDICINE LIBRARY (Ndola)
-- 1
-- 0.00
-- REF.QM 25 EDE
-- 2
-- AVAILABLE
-- Oct 3, 2011
-- 901368
-- Reference Collection
995 ## -
-- MEDICAL LIBRARY OPEN ACCESS
-- 0.00
-- 901370
-- CBU-SCHOOL OF MEDICINE LIBRARY (Ndola)
-- 1
-- 0.00
-- REF.QM 25 EDE
-- 4
-- AVAILABLE
-- Oct 3, 2011
-- 901370
-- Reference Collection
995 ## -
-- MEDICAL LIBRARY OPEN ACCESS
-- 0.00
-- 901371
-- CBU-SCHOOL OF MEDICINE LIBRARY (Ndola)
-- 1
-- 0.00
-- REF.QM 25 EDE
-- 5
-- AVAILABLE
-- Oct 3, 2011
-- 901371
-- Reference Collection
999 ## -
-- 64326
-- 64326
Holdings
Withdrawn status Lost status Source of classification or shelving scheme Damaged status Not for loan Permanent Location Current Location Shelving location Date acquired Total Checkouts Full call number Barcode Date last seen Copy number Price effective from Koha item type
          CBU-SCHOOL OF MEDICINE LIBRARY, NDOLA. CBU-SCHOOL OF MEDICINE LIBRARY, NDOLA.   02/10/2023   QM 25 Ede 901369 02/10/2023 1 02/10/2023 REFERENCE COLLECTION
          CBU-SCHOOL OF MEDICINE LIBRARY, NDOLA. CBU-SCHOOL OF MEDICINE LIBRARY, NDOLA.   02/10/2023   QM 25 Ede 901367 02/10/2023 2 02/10/2023 REFERENCE COLLECTION
          CBU-SCHOOL OF MEDICINE LIBRARY, NDOLA. CBU-SCHOOL OF MEDICINE LIBRARY, NDOLA.   02/10/2023   QM 25 Ede 901368 02/10/2023 3 02/10/2023 REFERENCE COLLECTION
          CBU-SCHOOL OF MEDICINE LIBRARY, NDOLA. CBU-SCHOOL OF MEDICINE LIBRARY, NDOLA.   02/10/2023   QM 25 Ede 901370 02/10/2023 4 02/10/2023 REFERENCE COLLECTION
          CBU-SCHOOL OF MEDICINE LIBRARY, NDOLA. CBU-SCHOOL OF MEDICINE LIBRARY, NDOLA.   02/10/2023   QM 25 Ede 901371 02/10/2023 5 02/10/2023 REFERENCE COLLECTION